00761nam a2200241 a 4500001001300000003000900013005001700022008004100039020002400080082001600104100002200120245003800142260005600180300000900236500003500245505002800280650001100308650003900319902000800358942000700366952013100373999001500504nice12345678IN_TiNIC20260116013132.0050524s1998 mina grp 000 0 eng  a0814702 c207000a291.35bKED aKedar, Benjamin Z aSacred Spaceb Shrine, City, Land aMinnesotabNew York University Press New Yorkc1998 a348p aincludes index and biblioraphy2 aindex of name and place aShrine aComparative Religion-Sacred Places bSRS cBK 001040708StackRoom-aHMIbHMId2007-07-19g2070.00l1o291.35 KEDp019322r2024-12-13s2024-12-10v2070.00w2005-05-24yBK c9805d9805